Normal view
MARC view
- Cornwall on Hudson (N.Y.)
Entry Geographic Name
001 - CONTROL NUMBER
- control field: 12021
003 - CONTROL NUMBER IDENTIFIER
- control field: NUST
005 - DATE AND TIME OF LATEST TRANSACTION
- control field: 20180726101027.0
008 - FIXED-LENGTH DATA ELEMENTS
- fixed length control field: 180726|| aca||aabn | a|a d
040 ## - CATALOGING SOURCE
- Original cataloging agency: NUST
- Transcribing agency: NUST
151 ## - HEADING--GEOGRAPHIC NAME
- Geographic name: Cornwall on Hudson (N.Y.)
- Form subdivision: Fiction.
670 ## - SOURCE DATA FOUND
- Source citation: Work cat.: (NUST)174382: Clark, Mary Higgins. 11983, Nighttime is my time /, 2004.
